00857nam a22002652a 450000100060000000300080000600500170001400800410003103500190007204000320009104100080012308200180013110000400014924500880018926000480027730000250032549000450035050000460039550400190044165000360046065000140049683000100051074000330052083000380055327243BD-RjUL20211209051130.0140324t1939 enk b 001 0 eng d a(BD-RjUL)27315 aDLCcCLEdEQOdBD-RjULbeng aeng04a950bPOF 19391 aPoliak, A. N.q(Abraham N.),d1910-10aFeudalism in Egypt, Syria, Palestine, and the Lebanon, 1250-1900 /cby A. N. Poliak aLondon :bThe Royal Asiatic society,c1939. aviii, 87 p. ;b22 cm1 aPrize Publication Fund (Series) ;vv. 17 aCover-title: Feudalism in the Middle East ainclude index. 0aFeudalismzMohammedan countries 0aMamelukes 0vv. 170 aFeudalism in the Middle East 0aPrize Publication Fund (Series) ;